000
00320nam a22001337a 4500
003
OSt
005
20160727222404.0
008
160623b xxu||||| |||| 00| 0 eng d
040
_c
TEST
100
_9
793
_a
Jernigan, K
245
_a
Gray Pancakes and Gold Hoeses
300
_a
Gray Pancakes and Gold Hoeses
942
_2
ddc
_c
BK
999
_c
634
_d
634